A.C. Milan Most Appearances - Statistics

General Stats
  • This quiz has been taken 202 times
  • The average score is 9 of 20
Answer Stats
Nationality(apps) Answer % Correct
Italian(412) Cesare Maldini
98%
Italian(902) Paolo Maldini
98%
Italian(719) Franco Baresi
88%
Netherlands(432) Clarence Seedorf
79%
Italian(468) Gennaro Gattuso
78%
Italian(401) Andrea Pirlo
72%
Italian(663) Alessandro Costacurta
62%
Italian(489) Massimo Ambrosini
55%
Italian(658) Gianni Rivera
48%
Italian(583) Mauro Tassotti
42%
Italian(406) Demetrio Albertini
36%
Sweden(394) Nils Liedholm
36%
Italian(380) Christian Abbiati
34%
Italian(390) Roberto Donadoni
34%
Germany(334) Karl-Heinz Schnellinger
15%
Italian(393) Alberigo Evani
12%
Italian(418) Angelo Anquilletti
9%
Italian(351) Giovanni Trapattoni
7%
Italian(341) Luigi Perversi
1%
Italian(342) Omero Tognon
1%
No matching quizzes found
Score Distribution
Percent of People with Each Score
Percentile by Number Answered
Your Score History
You have not taken this quiz